| 000 | 01337nab a22002297a 4500 | ||
|---|---|---|---|
| 999 |
_c6064 _d6064 |
||
| 003 | OSt | ||
| 005 | 20260121002445.0 | ||
| 008 | 190514b xxu||||| |||| 00| 0 spa d | ||
| 040 | _cPJ | ||
| 100 |
_94342 _aMuñoz Genestoux, Rosalía |
||
| 245 | 1 | 3 |
_aLa ilusión de la seguridad total como residuo de un paradigma. Mirada desde el modelo social de discapacidad / _cRosalía Muñoz Genestoux. |
| 300 | _ap. 52-60 | ||
| 500 | _aCita: TR LALEY AR/DOC/983/2024. | ||
| 505 | _aSumario: I. Introducción.— II. El derrotero del proceso judicial.— III. Sobre el ejercicio de la capacidad jurídica y la imposibilidad de limitarla con fundamento en los períodos de desestabilización.— IV. Acerca de la necesidad de realizar una nueva evaluación interdisciplinaria.— V. El acceso a la justicia de las personas con discapacidad.— VI. Palabras finales. | ||
| 505 | _tFallo comentado: SC Buenos Aires ~ 14/09/2023 ~ M. C., C. D. L. A. s/ determinación de la capacidad jurídica. | ||
| 650 | 0 |
_9967 _aDERECHO DE FAMILIA |
|
| 650 | 0 |
_93271 _aPERSONAS CON DISCAPACIDAD |
|
| 650 | 0 |
_92342 _aCAPACIDAD |
|
| 650 | 0 |
_91057 _aJURISPRUDENCIA APLICABLE |
|
| 773 | 0 |
_02844 _93222 _dBuenos Aires : AbeledoPerrot, 1989- _tDerecho de familia. Revista Interdisciplinaria de doctrina y jurisprudencia. Junio 2024-III. _z18511201 |
|
| 942 |
_2udc _cANA |
||